| 000 | 00356 a2200133 4500 | ||
|---|---|---|---|
| 005 | 20250612133349.0 | ||
| 020 | _a978-620-5-49617-6 | ||
| 082 | _a336.41 AME | ||
| 100 | _aAMERA, S. S. | ||
| 245 | _aPublic Finance and Taxation. | ||
| 260 |
_bUK, _cLAP Lambert Academic, _a2022. |
||
| 300 |
_a294p.: ill.; figure, table _bBibliography _c23cm |
||
| 942 |
_2ddc _cBKS |
||
| 999 |
_c3862 _d3862 |
||